|
|
|
|
| LEADER |
01694cas a2200241 a 4500 |
| 001 |
AALejournalIMF000021 |
| 008 |
230101c9999 xx r poo 0 0eng d |
| 020 |
|
|
|c 5.00 USD
|
| 020 |
|
|
|z 9781451806137
|
| 022 |
|
|
|a 1934-7685
|
| 040 |
|
|
|a BD-DhAAL
|c BD-DhAAL
|
| 110 |
2 |
|
|a International Monetary Fund.
|
| 245 |
1 |
0 |
|a Brunei Darussalam :
|b Recent Economic Developments.
|
| 264 |
|
1 |
|a Washington, D.C. :
|b International Monetary Fund,
|c 1996.
|
| 300 |
|
|
|a 1 online resource (77 pages)
|
| 490 |
1 |
|
|a IMF Staff Country Reports
|
| 500 |
|
|
|a <strong>Off-Campus Access:</strong> No User ID or Password Required
|
| 500 |
|
|
|a <strong>On-Campus Access:</strong> No User ID or Password Required
|
| 506 |
|
|
|a Electronic access restricted to authorized BRAC University faculty, staff and students
|
| 520 |
3 |
|
|a This report describes economic developments in Brunei Darussalam during the 1990s. During 1994-95, domestic demand picked up strongly mainly owing to the rise in government expenditure. As the government accelerated the implementation of key projects in the Sixth National Development Plan, large community-oriented projects were also implemented. The increase in investment spending and associated consumption boom resulted in a sharp growth in imports and a significant rise in inflation. In the meantime, broad money continued to expand rapidly as substantial funds were brought into the banking system from abroad to finance major development projects.
|
| 538 |
|
|
|a Mode of access: Internet
|
| 830 |
|
0 |
|a IMF Staff Country Reports; Country Report ;
|v No. 1996/053
|
| 856 |
4 |
0 |
|z Full text available on IMF
|u http://elibrary.imf.org/view/journals/002/1996/053/002.1996.issue-053-en.xml
|z IMF e-Library
|